| 000 | 01281nam a2200253 i 4500 | ||
|---|---|---|---|
| 001 | 126150 | ||
| 003 | ES-MaACL | ||
| 005 | 20250831020657.0 | ||
| 007 | t| | ||
| 008 | 070214s1956 sp a |||| | spa d | ||
| 245 | 0 | 0 |
_aRelación de las ceremonias y ritos y población y gobierno de los indios de la provincia de Michoacán (1541) _b: reproducción facsímil del Ms. c IV.5 de El Escorial / _ccon transcripción, prólogo, introducción y notas por José Tudela ; revisión de las voces tarascas por José Corona Núñez ; estudio preliminar: `La relación de Michoacan como fuente para la historia de la sociedad y cultura tarascas` por Paul Kirchhoff. |
| 260 |
_aMadrid : _bAguilar, _c1956. |
||
| 300 |
_aXXXIII, 277 p. : _bil. ; _c50 cm. |
||
| 500 | _aHojas sueltas en carpeta. | ||
| 610 | 2 | 4 |
_aMonasterio de El Escorial. _bBiblioteca. _kManuscrito. _n(Ç.IV.5|)- _vFacsímiles. _9168125 |
| 650 | 4 |
_aTarascos (Indios)- _xRitos y ceremonias. _9168126 |
|
| 650 | 4 |
_aTarascos (Indios)- _xUsos y costumbres. _9168127 |
|
| 651 | 7 |
_aMichoacán (México, Estado)- _xHistoria _2 _9168128 |
|
| 700 | 1 |
_aTudela de la Orden, José. _9111634 |
|
| 700 | 1 |
_aCorona Núñez, José. _940673 |
|
| 700 | 1 |
_aKirchhoff, Paul. _968102 |
|
| 852 |
_aES-MaACL _jB-7321 |
||
| 999 |
_c126150 _d126150 |
||